[Event "AUT-chT2M 1516"]
[Site "Austria"]
[Date "2015.11.14"]
[Round "4.5"]
[White "Teuschler, Barbara"]
[Black "Radnetter, Georg"]
[Result "1/2-1/2"]
[WhiteElo "2176"]
[BlackElo "2288"]
[PlyCount "101"]
[EventDate "2015.10.02"]
[EventType "team-tourn"]
[EventRounds "11"]
[EventCountry "AUT"]
[SourceTitle "EXT 2017"]
[Source "ChessBase"]
[SourceDate "2016.10.25"]
[SourceVersion "1"]
[SourceVersionDate "2016.10.25"]
[SourceQuality "1"]
[WhiteTeam "Graz Schachfreunde"]
[BlackTeam "Fuerstenfeld/Hartberg"]
[WhiteTeamCountry "AUT"]
[BlackTeamCountry "AUT"]

1. e4 e6 2. d4 d5 3. Nc3 Nc6 4. Nf3 Nf6 5. e5 Ne4 6. Bd3 Bb4 7. Bd2 Nxd2 8. Qxd2 f6 9. a3 Bxc3 10. Qxc3 Bd7 11. 0-0 fxe5 12. dxe5 0-0 13. Rfe1 h6 14. b4 a6 15. Bf1 Qe7 16. Qe3 Be8 17. c4 Bh5 18. Nd4 Nxd4 19. Qxd4 dxc4 20. Bxc4 Bg6 21. Rad1 Rfd8 22. Qg4 Bf7 23. h3 b5 24. Bb3 h5 25. Qe4 c5 26. Rd6 Rac8 27. bxc5 Rxc5 28. Qd4 Rdc8 29. Rxa6 Rc3 30. Re3 Qc5 31. Qxc5 R8xc5 32. Rxc3 Rxc3 33. Bxe6 Bxe6 34. Rxe6 Rxa3 35. Rb6 Rb3 36. f4 Rb2 37. f5 h4 38. Rb8+ Kf7 39. Rb7+ Kf8 40. Kf1 Rb4 41. Kf2 Rf4+ 42. Ke3 Rxf5 43. Rxb5 Rg5 44. Kf4 Rxg2 45. Kf5 Ke7 46. Rb7+ Ke8 47. Rb4 Ke7 48. Rxh4 g6+ 49. Ke4 Ke6 50. Rg4 Re2+ 51. Kf4 1/2-1/2

[Event "AUT-chT2M 1415"]
[Site "Austria"]
[Date "2015.04.19"]
[Round "11.4"]
[White "Radnetter, Georg"]
[Black "Testor, Sebastian"]
[Result "1-0"]
[WhiteElo "2259"]
[BlackElo "2283"]
[PlyCount "71"]
[EventDate "2014.10.03"]
[EventType "team-tourn"]
[EventRounds "11"]
[EventCountry "AUT"]
[SourceTitle "EXT 2016"]
[Source "ChessBase"]
[SourceDate "2015.10.08"]
[SourceVersion "1"]
[SourceVersionDate "2015.10.08"]
[SourceQuality "1"]
[WhiteTeam "Fuerstenfeld/Hartberg"]
[BlackTeam "Sauwald"]
[WhiteTeamCountry "AUT"]
[BlackTeamCountry "AUT"]

1. Nf3 Nf6 2. g3 b5 3. Bg2 Bb7 4. 0-0 e6 5. c3 c5 6. Qb3 a6 7. a4 b4 8. d4 Nc6 9. Bf4 cxd4 10. cxb4 Bxb4 11. Ne5 Qe7 12. Nd3 a5 13. Na3 0-0 14. Nb5 d5 15. Nxb4 Qxb4 16. Qxb4 Nxb4 17. Nxd4 Rfc8 18. Rfc1 Nd7 19. Bd6 Nc6 20. Nb5 Nce5 21. Nc7 Rab8 22. b3 Nc6 23. e3 Nf6 24. Nb5 Ra8 25. Nc7 Rab8 26. Ra2 Nb4 27. Bxb4 axb4 28. Rac2 Ne4 29. Bxe4 dxe4 30. Rc4 Bd5 31. Nxd5 Rxc4 32. Rxc4 exd5 33. Rd4 Kf8 34. Rxd5 Rb7 35. Re5 Re7 36. Rb5 1-0

[Event "AUT-chT2M 1415"]
[Site "Austria"]
[Date "2014.11.16"]
[Round "5.6"]
[White "Radnetter, Georg"]
[Black "Krockenberger, Martin"]
[Result "1-0"]
[WhiteElo "2259"]
[BlackElo "2171"]
[PlyCount "159"]
[EventDate "2014.10.03"]
[EventType "team-tourn"]
[EventRounds "11"]
[EventCountry "AUT"]
[SourceTitle "CBM 163 Extra"]
[Source "ChessBase"]
[SourceDate "2014.12.23"]
[SourceVersion "1"]
[SourceVersionDate "2014.12.23"]
[SourceQuality "1"]
[WhiteTeam "Fuerstenfeld/Hartberg"]
[BlackTeam "Graz Schachfreunde"]
[WhiteTeamCountry "AUT"]
[BlackTeamCountry "AUT"]

1. Nf3 e6 2. g3 f5 3. Bg2 Nf6 4. 0-0 d5 5. b3 Bd6 6. d4 Qe7 7. c4 c6 8. a4 a5 9. Bf4 Bxf4 10. gxf4 0-0 11. e3 Ne4 12. Ne5 Nd7 13. Ra2 Kh8 14. Kh1 Nxe5 15. fxe5 Ng5 16. c5 Nf7 17. Qd2 b6 18. Rc1 Qb7 19. cxb6 Qxb6 20. Rb2 Bd7 21. f4 Rfb8 22. Na3 Qd8 23. Nc2 g5 24. fxg5 Nxg5 25. Ne1 Ne4 26. Bxe4 fxe4 27. Ng2 Qg5 28. Nf4 Rg8 29. Qf2 Qf5 30. Qf1 Rg4 31. Rg2 Rxg2 32. Qxg2 Rg8 33. Qh3 Qxh3 34. Nxh3 Rb8 35. Rc3 Kg7 36. Nf4 Kf7 37. Nh5 Ke7 38. Nf6 h6 39. Kg2 Rb7 40. Ng8+ Kd8 41. Nxh6 Be8 42. Ng4 Rg7 43. Kg3 Kc7 44. Kf4 Bh5 45. h3 Kb6 46. Rc1 Bg6 47. Nf6 Bf5 48. h4 Rg2 49. h5 Rf2+ 50. Kg5 Rg2+ 51. Kh6 Rg3 52. Rc3 Kb7 53. Ne8 Kc8 54. Nd6+ Kd7 55. Nb7 Rg8 56. Nxa5 Rh8+ 57. Kg5 Rg8+ 58. Kf6 Rh8 59. Nxc6 Rxh5 60. Nb8+ Kd8 61. a5 Rh6+ 62. Kg5 Rg6+ 63. Kh4 Rg1 64. a6 Ra1 65. Kg5 Bh3 66. a7 Ra2 67. b4 Bf1 68. Kf6 Bc4 69. Kxe6 Kc7 70. Nd7 Rxa7 71. Ke7 Kc6 72. e6 Ra8 73. Ne5+ Kb5 74. Nxc4 dxc4 75. d5 Kxb4 76. Rc1 Ra7+ 77. Kf8 Kc5 78. e7 Rxe7 79. Kxe7 Kxd5 80. Kf6 1-0

[Event "AUT-chT2M 1415"]
[Site "Austria"]
[Date "2014.10.05"]
[Round "3.5"]
[White "Stagl, Marco"]
[Black "Radnetter, Georg"]
[Result "1/2-1/2"]
[WhiteElo "2137"]
[BlackElo "2259"]
[PlyCount "70"]
[EventDate "2014.10.03"]
[EventType "team-tourn"]
[EventRounds "11"]
[EventCountry "AUT"]
[SourceTitle "EXT 2015"]
[Source "ChessBase"]
[SourceDate "2014.11.20"]
[SourceVersion "1"]
[SourceVersionDate "2014.11.20"]
[SourceQuality "1"]
[WhiteTeam "Graz Styria"]
[BlackTeam "Fuerstenfeld/Hartberg"]
[WhiteTeamCountry "AUT"]
[BlackTeamCountry "AUT"]

1. d4 e6 2. Nf3 Nf6 3. c4 Bb4+ 4. Bd2 a5 5. a3 Bxd2+ 6. Qxd2 b6 7. Nc3 Bb7 8. Qf4 d6 9. e4 0-0 10. Be2 Nfd7 11. 0-0 Na6 12. Rad1 Qf6 13. Qe3 Rfd8 14. Ne1 c5 15. d5 exd5 16. exd5 Re8 17. Qg3 Nc7 18. a4 Ba6 19. b3 Rad8 20. Bd3 Ne5 21. Bb1 Bc8 22. Ne4 Qg6 23. Qxg6 Nxg6 24. Nc3 Re7 25. Nc2 Ree8 26. Ne3 Nh4 27. Kh1 g6 28. h3 f5 29. Kh2 f4 30. Ng4 Kg7 31. f3 Nf5 32. Be4 Ng3 33. Rfe1 Bxg4 34. hxg4 Re5 35. Kg1 Re7 1/2-1/2

[Event "AUT-chT2M 1415"]
[Site "Austria"]
[Date "2014.10.03"]
[Round "1.4"]
[White "Teuschler, Hugo"]
[Black "Radnetter, Georg"]
[Result "1/2-1/2"]
[WhiteElo "2025"]
[BlackElo "2259"]
[PlyCount "90"]
[EventDate "2014.10.03"]
[EventType "team-tourn"]
[EventRounds "11"]
[EventCountry "AUT"]
[SourceTitle "EXT 2015"]
[Source "ChessBase"]
[SourceDate "2014.11.20"]
[SourceVersion "1"]
[SourceVersionDate "2014.11.20"]
[SourceQuality "1"]
[WhiteTeam "Graz Strassenbahn"]
[BlackTeam "Fuerstenfeld/Hartberg"]
[WhiteTeamCountry "AUT"]
[BlackTeamCountry "AUT"]

1. e4 e6 2. d4 d5 3. Nd2 c5 4. Ngf3 cxd4 5. exd5 Qxd5 6. Bc4 Qd6 7. 0-0 Nf6 8. Nb3 Nc6 9. Nbxd4 Nxd4 10. Nxd4 a6 11. Re1 Qc7 12. Qe2 Bd7 13. Bg5 0-0-0 14. Rad1 Bb4 15. c3 Bd6 16. h3 h6 17. Be3 Kb8 18. Nf3 Bc6 19. Nd4 Bd5 20. Bxd5 Nxd5 21. Bc1 Rd7 22. c4 Ne7 23. Nf3 Rhd8 24. a3 Ng6 25. b4 Bf4 26. Rxd7 Rxd7 27. Bb2 Qd8 28. g3 Bg5 29. h4 Bf6 30. h5 Ne7 31. Be5+ Ka8 32. Bxf6 gxf6 33. Nh4 Rd2 34. Qg4 Qd4 35. Qxd4 Rxd4 36. Rc1 Kb8 37. Rc3 Kc7 38. Kf1 Rd1+ 39. Ke2 Rh1 40. Kf3 Nc6 41. Kg2 Rd1 42. Nf3 Kb6 43. Nh2 Ne5 44. f4 Rd2+ 45. Kg1 Rd1+ 1/2-1/2

[Event "Steyr Landesliga 1314"]
[Site "Austria"]
[Date "2014.03.15"]
[Round "9.2"]
[White "Steiner, Stefan"]
[Black "Radnetter, Georg"]
[Result "1/2-1/2"]
[WhiteElo "2253"]
[BlackElo "2256"]
[PlyCount "81"]
[EventDate "2013.09.28"]
[EventType "team-tourn"]
[EventRounds "11"]
[EventCountry "AUT"]
[SourceTitle "EXT 2015"]
[Source "ChessBase"]
[SourceDate "2014.11.20"]
[SourceVersion "1"]
[SourceVersionDate "2014.11.20"]
[SourceQuality "1"]
[WhiteTeam "Kapfenberg/Norske/Bruck"]
[BlackTeam "Fuerstenfeld"]
[WhiteTeamCountry "AUT"]
[BlackTeamCountry "AUT"]

1. Nf3 Nf6 2. c4 c5 3. g3 g6 4. b3 Bg7 5. Bb2 b6 6. Bg2 Bb7 7. 0-0 0-0 8. Nc3 d5 9. Nxd5 Nxd5 10. Bxg7 Kxg7 11. cxd5 Qxd5 12. d4 cxd4 13. Qxd4+ Qxd4 14. Nxd4 Bxg2 15. Kxg2 Rc8 16. Rac1 Na6 17. Rfd1 Rxc1 18. Rxc1 Rd8 19. Rc4 Rd7 20. Kf3 Nc5 21. b4 Ne6 22. Nxe6+ fxe6 23. Ke3 Kf6 24. a4 Rd1 25. Rc7 a6 26. Rc6 Ra1 27. Rxb6 Rxa4 28. f4 a5 29. b5 Rb4 30. Kd3 h5 31. Kc3 Kf5 32. Rb7 Kf6 33. b6 e5 34. fxe5+ Ke6 35. Ra7 Rxb6 36. Rxa5 Kf5 37. Kd3 Rb3+ 38. Kd2 e6 39. Ra8 Kxe5 40. Rg8 Kf6 41. Ke1 1/2-1/2

[Event "AUT-chT2M 1314"]
[Site "Austria"]
[Date "2013.11.16"]
[Round "4.3"]
[White "Wertjanz, David"]
[Black "Radnetter, Georg"]
[Result "1-0"]
[WhiteElo "2265"]
[BlackElo "2259"]
[PlyCount "89"]
[EventDate "2013.10.04"]
[EventType "team-tourn"]
[EventRounds "11"]
[EventCountry "AUT"]
[SourceTitle "EXT 2015"]
[Source "ChessBase"]
[SourceDate "2014.11.20"]
[SourceVersion "1"]
[SourceVersionDate "2014.11.20"]
[SourceQuality "1"]
[WhiteTeam "Graz Styria"]
[BlackTeam "Fuerstenfeld"]
[WhiteTeamCountry "AUT"]
[BlackTeamCountry "AUT"]

1. e4 e6 2. d4 d5 3. Nd2 c5 4. Ngf3 cxd4 5. exd5 Qxd5 6. Bc4 Qd6 7. 0-0 Nf6 8. Qe2 Nc6 9. Rd1 Qc7 10. Bb5 Bd7 11. Nc4 Be7 12. Bxc6 bxc6 13. Nfe5 Nd5 14. Nxd7 Qxd7 15. Rxd4 Bf6 16. Rd1 0-0 17. Ne5 Bxe5 18. Qxe5 Qe7 19. c4 Nb6 20. b3 Rad8 21. Be3 Qf6 22. Qxf6 gxf6 23. a4 Nc8 24. Bc5 Rfe8 25. Kf1 a6 26. b4 f5 27. b5 Rxd1+ 28. Rxd1 cxb5 29. cxb5 axb5 30. axb5 Ne7 31. Rd7 Rb8 32. Rxe7 Rxb5 33. Re8+ Kg7 34. Bd4+ Kh6 35. f4 Rb4 36. Be5 Kh5 37. Rf8 Rb7 38. Rg8 Kh6 39. Rg3 Rb4 40. Rh3+ Kg6 41. Rg3+ Kh6 42. Bg7+ Kh5 43. Rg5+ Kh4 44. g3+ Kh3 45. Kf2 1-0

[Event "Steyr Landesliga 1314"]
[Site "Austria"]
[Date "2013.09.28"]
[Round "1.2"]
[White "Radnetter, Georg"]
[Black "Ragger, Anna Christina"]
[Result "1-0"]
[WhiteElo "2256"]
[BlackElo "2267"]
[PlyCount "45"]
[EventDate "2013.09.28"]
[EventType "team-tourn"]
[EventRounds "11"]
[EventCountry "AUT"]
[SourceTitle "EXT 2015"]
[Source "ChessBase"]
[SourceDate "2014.11.20"]
[SourceVersion "1"]
[SourceVersionDate "2014.11.20"]
[SourceQuality "1"]
[WhiteTeam "Fuerstenfeld"]
[BlackTeam "Graz Schachamazonen"]
[WhiteTeamCountry "AUT"]
[BlackTeamCountry "AUT"]

1. Nf3 d5 2. d4 Nf6 3. c4 c6 4. e3 e6 5. b3 Bb4+ 6. Nbd2 Nbd7 7. Bb2 0-0 8. a3 Bd6 9. Bd3 b6 10. 0-0 Bb7 11. Ne5 c5 12. cxd5 exd5 13. f4 Re8 14. Rf3 Nf8 15. Bb5 N6d7 16. Rg3 g6 17. Ng4 h5 18. Nh6+ Kh7 19. Nxf7 Qe7 20. dxc5 Qxf7 21. cxd6 Qe6 22. Bd3 Nc5 23. Qxh5+ 1-0

[Event "AUT-chT2M 1213"]
[Site "Austria"]
[Date "2013.04.21"]
[Round "11.3"]
[White "Wegerer, Fred"]
[Black "Radnetter, Georg"]
[Result "1/2-1/2"]
[WhiteElo "2194"]
[BlackElo "2278"]
[PlyCount "66"]
[EventDate "2012.10.19"]
[EventType "team-tourn"]
[EventRounds "11"]
[EventCountry "AUT"]
[SourceTitle "EXT 2014"]
[Source "ChessBase"]
[SourceDate "2013.11.20"]
[SourceVersion "1"]
[SourceVersionDate "2013.11.20"]
[SourceQuality "1"]
[WhiteTeam "Gleisdorf"]
[BlackTeam "Fuerstenfeld"]
[WhiteTeamCountry "AUT"]
[BlackTeamCountry "AUT"]

1. g3 e5 2. Bg2 Nf6 3. c4 d5 4. cxd5 Nxd5 5. Nc3 Nb6 6. Nf3 Nc6 7. Rb1 a5 8. d3 Be7 9. Be3 0-0 10. 0-0 Be6 11. a3 Nd5 12. Bd2 Qd7 13. Qc2 Nxc3 14. Bxc3 f6 15. Rfc1 Ba2 16. Ra1 Bd5 17. e3 Rfd8 18. Rd1 a4 19. Qe2 Qe6 20. Rac1 Rd7 21. Rd2 Rad8 22. Ne1 Bxg2 23. Kxg2 Na5 24. Bxa5 Qd5+ 25. Qf3 Qxa5 26. Rdc2 c5 27. h4 b5 28. h5 Qa8 29. e4 h6 30. Qg4 Rc7 31. f4 Qc8 32. Kf3 Rcd7 33. Rxc5 Re8 1/2-1/2

[Event "AUT-chT2M 1213"]
[Site "Austria"]
[Date "2013.04.20"]
[Round "10.3"]
[White "Radnetter, Georg"]
[Black "Fahrner, Kurt"]
[Result "1-0"]
[WhiteElo "2278"]
[BlackElo "2378"]
[PlyCount "221"]
[EventDate "2012.10.19"]
[EventType "team-tourn"]
[EventRounds "11"]
[EventCountry "AUT"]
[SourceTitle "EXT 2014"]
[Source "ChessBase"]
[SourceDate "2013.11.20"]
[SourceVersion "1"]
[SourceVersionDate "2013.11.20"]
[SourceQuality "1"]
[WhiteTeam "Fuerstenfeld"]
[BlackTeam "Graz Austria"]
[WhiteTeamCountry "AUT"]
[BlackTeamCountry "AUT"]

1. Nf3 d5 2. d4 Nf6 3. c4 c6 4. e3 Bf5 5. Bd3 Bxd3 6. Qxd3 e6 7. Nbd2 Nbd7 8. b3 Bb4 9. 0-0 0-0 10. Bb2 a5 11. a3 Be7 12. e4 dxe4 13. Nxe4 Nxe4 14. Qxe4 Qb6 15. Qc2 Rfd8 16. Rfd1 Bf6 17. Rd3 c5 18. Rad1 a4 19. Ne5 axb3 20. Rxb3 Qc7 21. Nxd7 Rxd7 22. d5 Bxb2 23. Qxb2 Rad8 24. g3 h5 25. Rbd3 exd5 26. Rxd5 Rxd5 27. Rxd5 Rxd5 28. cxd5 Qd7 29. Qe5 c4 30. d6 Kf8 31. Qc5 c3 32. Qxc3 Qxd6 33. Qc8+ Ke7 34. Qxb7+ Kf6 35. Qf3+ Kg6 36. Kg2 Qd4 37. h4 f6 38. Kh3 Qc4 39. Kg2 Qd4 40. Kh3 Qc4 41. Kh2 Qd4 42. Qf4 Qd3 43. a4 Qf1 44. a5 Kf7 45. Qd2 g5 46. Qa2+ Kg7 47. hxg5 h4 48. gxh4 Qb5 49. Qe6 fxg5 50. Qe7+ Kh8 51. Qf6+ Kh7 52. Qf7+ Kh6 53. Qf6+ Kh7 54. Qxg5 Qb8+ 55. Qg3 Qa7 56. Qd3+ Kg7 57. Qc3+ Kh7 58. Qc2+ Kh6 59. Qc1+ Kg6 60. Qc6+ Kh5 61. Qg2 Kh6 62. Qg5+ Kh7 63. Qf5+ Kg7 64. Kh3 Qa8 65. f3 Qa6 66. Kg4 Qc4+ 67. Kh5 Qa6 68. Qd7+ Kg8 69. Qd8+ Kh7 70. Qb6 Qa8 71. Qg6+ Kh8 72. Qf6+ Kh7 73. Qf7+ Kh8 74. Qf6+ Kh7 75. Qf5+ Kg7 76. Qd7+ Kg8 77. Qe6+ Kg7 78. Qe7+ Kg8 79. Qg5+ Kh8 80. Qe5+ Kg8 81. Kg4 Qa7 82. h5 Qg1+ 83. Qg3 Qc5 84. Qb8+ Kh7 85. Qb7+ Kg8 86. Qb6 Qc4+ 87. Kg3 Qc1 88. Qe6+ Kg7 89. Qe5+ Kg8 90. Qd5+ Kg7 91. Qd4+ Kg8 92. a6 Qe1+ 93. Kg4 Qe6+ 94. Kg5 Qxa6 95. Qd5+ Kf8 96. Qf5+ Ke7 97. h6 Qa1 98. Qh7+ Ke6 99. Qg8+ Kd6 100. Qd8+ Ke6 101. Qc8+ Kd6 102. Qf8+ Ke6 103. Qg8+ Kd6 104. Qg6+ Kd5 105. Qf7+ Kc5 106. Qf5+ Kc4 107. h7 Qg7+ 108. Qg6 Qe7+ 109. Kg4 Qd7+ 110. Kg3 Qd6+ 111. Qxd6 1-0

[Event "AUT-chT2M 1213"]
[Site "Austria"]
[Date "2012.11.25"]
[Round "5.3"]
[White "Hartl, Daniel"]
[Black "Radnetter, Georg"]
[Result "1/2-1/2"]
[WhiteElo "2275"]
[BlackElo "2278"]
[PlyCount "132"]
[EventDate "2012.10.19"]
[EventType "team-tourn"]
[EventRounds "11"]
[EventCountry "AUT"]
[SourceTitle "CBM 151 Extra"]
[Source "ChessBase"]
[SourceDate "2012.12.18"]
[SourceVersion "1"]
[SourceVersionDate "2012.12.18"]
[SourceQuality "1"]
[WhiteTeam "Maria Saal"]
[BlackTeam "Fuerstenfeld"]
[WhiteTeamCountry "AUT"]
[BlackTeamCountry "AUT"]

1. d4 e6 2. Nf3 f5 3. c4 Nf6 4. Nc3 Bb4 5. Bd2 0-0 6. e3 Bxc3 7. Bxc3 Ne4 8. Rc1 d6 9. Be2 b6 10. 0-0 Bb7 11. Qb3 Rf6 12. c5 Rg6 13. cxd6 cxd6 14. Ne1 Nd7 15. f3 Bd5 16. Bc4 Bxc4 17. Qxc4 Rc8 18. Qb3 Nxc3 19. Rxc3 Rxc3 20. Qxc3 Nf6 21. Qb3 Nd5 22. g3 f4 23. exf4 Nxf4 24. Kh1 Nd5 25. Ng2 Rf6 26. Ne3 Nxe3 27. Qxe3 Qd7 28. Rc1 Rf8 29. Qc3 Qb7 30. Kg2 Qd5 31. b3 e5 32. dxe5 dxe5 33. Qc4 Qxc4 34. Rxc4 Rd8 35. Rc2 Rd7 36. Re2 Kf7 37. Kf2 Kf6 38. Ke3 Rc7 39. Ke4 Ke6 40. Rd2 Rc1 41. Re2 g5 42. f4 exf4 43. gxf4 gxf4 44. Kxf4+ Kf6 45. Rd2 Rf1+ 46. Kg4 Ke5 47. h4 a5 48. Rd7 Ra1 49. Rxh7 Rxa2 50. Rb7 a4 51. bxa4 Rxa4+ 52. Kg5 Ra1 53. Rxb6 Rg1+ 54. Kh6 Rh1 55. h5 Kf5 56. Rb5+ Kf6 57. Kh7 Kf7 58. h6 Rg1 59. Rf5+ Ke7 60. Kh8 Rg2 61. Ra5 Kf7 62. Ra7+ Kf8 63. Rg7 Rh2 64. h7 Rf2 65. Rg3 Rf1 66. Rf3+ Rxf3 1/2-1/2

[Event "AUT-chT2M 1213"]
[Site "Austria"]
[Date "2012.11.24"]
[Round "4.3"]
[White "Radnetter, Georg"]
[Black "Reichmann, Egon"]
[Result "1/2-1/2"]
[WhiteElo "2278"]
[BlackElo "2269"]
[PlyCount "62"]
[EventDate "2012.10.19"]
[EventType "team-tourn"]
[EventRounds "11"]
[EventCountry "AUT"]
[SourceTitle "CBM 151 Extra"]
[Source "ChessBase"]
[SourceDate "2012.12.18"]
[SourceVersion "1"]
[SourceVersionDate "2012.12.18"]
[SourceQuality "1"]
[WhiteTeam "Fuerstenfeld"]
[BlackTeam "Wolfsberg"]
[WhiteTeamCountry "AUT"]
[BlackTeamCountry "AUT"]

1. Nf3 d5 2. d4 c6 3. c4 e6 4. Nc3 dxc4 5. a4 Bb4 6. e3 b5 7. Bd2 a5 8. axb5 Bxc3 9. Bxc3 cxb5 10. b3 Bb7 11. bxc4 b4 12. Bb2 Nf6 13. Bd3 0-0 14. 0-0 Nbd7 15. Re1 Re8 16. c5 Qc7 17. e4 Bc6 18. Bc2 Qb7 19. Nd2 Red8 20. f4 b3 21. Bxb3 a4 22. d5 exd5 23. Bxf6 Nxf6 24. Bxa4 dxe4 25. Bxc6 Qxc6 26. Rxa8 Qxc5+ 27. Kh1 Rxa8 28. Nxe4 Nxe4 29. Rxe4 Qd5 30. Rd4 Qc5 31. h3 g6 1/2-1/2

[Event "AUT-chT2M 1213"]
[Site "Austria"]
[Date "2012.10.21"]
[Round "3.3"]
[White "Radnetter, Georg"]
[Black "Supancic, Darko"]
[Result "1/2-1/2"]
[WhiteElo "2278"]
[BlackElo "2370"]
[PlyCount "105"]
[EventDate "2012.10.19"]
[EventType "team-tourn"]
[EventRounds "11"]
[EventCountry "AUT"]
[SourceTitle "EXT 2013"]
[Source "ChessBase"]
[SourceDate "2012.11.22"]
[SourceVersion "1"]
[SourceVersionDate "2012.11.22"]
[SourceQuality "1"]
[WhiteTeam "Fuerstenfeld"]
[BlackTeam "Graz Strassenbahn"]
[WhiteTeamCountry "AUT"]
[BlackTeamCountry "AUT"]

1. Nf3 d6 2. d4 Bg4 3. g3 Bxf3 4. exf3 e6 5. Bg2 d5 6. 0-0 Ne7 7. Re1 g6 8. Bf4 Nd7 9. Qd2 Bg7 10. Na3 a6 11. Bh6 Bxh6 12. Qxh6 Nf5 13. Qd2 0-0 14. c4 c6 15. Bh3 Qf6 16. Bxf5 Qxf5 17. Re3 Rad8 18. Qb4 c5 19. Qd2 e5 20. dxe5 Nxe5 21. Qe2 Nc6 22. cxd5 Nd4 23. Qc4 Rxd5 24. f4 b5 25. Qf1 c4 26. Rae1 Rdd8 27. Kg2 Qf6 28. Rc1 Qc6+ 29. f3 Nf5 30. Re2 Rd3 31. Nc2 Qf6 32. Rb1 Qd6 33. a3 Rd8 34. Qf2 a5 35. Rbe1 Kg7 36. g4 Nd4 37. Nxd4 Rxd4 38. Re4 Rd3 39. a4 Rd2 40. R1e2 Rxe2 41. Qxe2 Qb4 42. Rd4 Rxd4 43. Qe5+ Kg8 44. Qxd4 bxa4 45. Qd8+ Qf8 46. Qxa5 Qb8 47. Qd2 Qc7 48. Qb4 Qxf4 49. Qxa4 h5 50. gxh5 Qg5+ 51. Kf2 Qxh5 52. Qe8+ Kg7 53. Qb8 1/2-1/2

[Event "AUT-chT2M 1213"]
[Site "Austria"]
[Date "2012.10.20"]
[Round "2.3"]
[White "Schmidt, Peter"]
[Black "Radnetter, Georg"]
[Result "1/2-1/2"]
[WhiteElo "2386"]
[BlackElo "2278"]
[PlyCount "107"]
[EventDate "2012.10.19"]
[EventType "team-tourn"]
[EventRounds "11"]
[EventCountry "AUT"]
[SourceTitle "EXT 2013"]
[Source "ChessBase"]
[SourceDate "2012.11.22"]
[SourceVersion "1"]
[SourceVersionDate "2012.11.22"]
[SourceQuality "1"]
[WhiteTeam "Sauwald"]
[BlackTeam "Fuerstenfeld"]
[WhiteTeamCountry "AUT"]
[BlackTeamCountry "AUT"]

1. Nf3 g6 2. d4 Bg7 3. g3 Nf6 4. Bg2 d6 5. 0-0 0-0 6. b3 c5 7. Bb2 cxd4 8. Nxd4 Qc7 9. c4 Nc6 10. Nc3 Nxd4 11. Qxd4 Be6 12. Rfd1 Rfc8 13. Rac1 Qd7 14. Nd5 Bxd5 15. Bxd5 Rc7 16. Kg2 Nh5 17. Qd2 Bxb2 18. Qxb2 Rac8 19. Qd4 b6 20. Bf3 Ng7 21. h4 Nf5 22. Qf4 e5 23. Qg5 Nd4 24. Bg4 Qc6+ 25. Kg1 f5 26. Bf3 Nxf3+ 27. exf3 Qd7 28. Rc2 b5 29. Qf6 Qe7 30. Qxe7 Rxe7 31. Rxd6 bxc4 32. bxc4 Rec7 33. c5 Rxc5 34. Rxc5 Rxc5 35. Rd8+ Kf7 36. Rd7+ Ke6 37. Rxa7 Rc2 38. a4 Rc1+ 39. Kg2 Ra1 40. g4 h6 41. a5 Kf6 42. a6 g5 43. Ra8 f4 44. Kh2 Kg7 45. Kh3 Rh1+ 46. Kg2 Ra1 47. a7 Kh7 48. Re8 Rxa7 49. Rxe5 Kg6 50. Re6+ Kg7 51. Rc6 Rb7 52. Kf1 Rb1+ 53. Kg2 Rb7 54. Ra6 1/2-1/2

[Event "Oberwart op-A 34th"]
[Site "Oberwart"]
[Date "2012.07.10"]
[Round "4"]
[White "Radnetter, Georg"]
[Black "Steiner, Peter"]
[Result "1-0"]
[WhiteElo "2285"]
[BlackElo "2020"]
[PlyCount "73"]
[EventDate "2012.07.07"]
[EventType "swiss"]
[EventRounds "9"]
[EventCountry "AUT"]
[SourceTitle "CBM 149 Extra"]
[Source "ChessBase"]
[SourceDate "2012.08.24"]
[SourceVersion "1"]
[SourceVersionDate "2012.08.24"]
[SourceQuality "1"]

1. Nf3 Nf6 2. c4 g6 3. g3 Bg7 4. Bg2 0-0 5. 0-0 d6 6. d4 Nc6 7. Nc3 a6 8. h3 Bd7 9. b3 Rb8 10. a4 Nb4 11. Na2 a5 12. Nxb4 axb4 13. Bb2 Ne4 14. Qc2 Bf5 15. g4 Ng3 16. gxf5 Nxf1 17. Rxf1 e6 18. fxe6 fxe6 19. Qd2 c5 20. dxc5 dxc5 21. Bxg7 Qxd2 22. Nxd2 Kxg7 23. Ne4 b6 24. a5 bxa5 25. Nxc5 Rfe8 26. Ra1 Rbd8 27. Nd3 e5 28. Be4 Rd4 29. f3 Kf6 30. Rxa5 Kg5 31. Kg2 Kh4 32. Rd5 Rd8 33. Rxd4 exd4 34. c5 Kg5 35. c6 Kf6 36. c7 Rc8 37. Nxb4 1-0

[Event "Oberwart op-A 34th"]
[Site "Oberwart"]
[Date "2012.07.07"]
[Round "1"]
[White "Schatzl, Franz"]
[Black "Radnetter, Georg"]
[Result "0-1"]
[WhiteElo "1987"]
[BlackElo "2285"]
[PlyCount "40"]
[EventDate "2012.07.07"]
[EventType "swiss"]
[EventRounds "9"]
[EventCountry "AUT"]
[SourceTitle "CBM 149 Extra"]
[Source "ChessBase"]
[SourceDate "2012.08.24"]
[SourceVersion "1"]
[SourceVersionDate "2012.08.24"]
[SourceQuality "1"]

1. c4 Nf6 2. d4 e6 3. Nf3 Bb4+ 4. Bd2 c5 5. Bxb4 cxb4 6. Nbd2 0-0 7. e4 d6 8. Bd3 Nc6 9. 0-0 e5 10. d5 Ne7 11. c5 Ng6 12. cxd6 Ne8 13. Nc4 Qf6 14. Qd2 Nxd6 15. Qxb4 Nxc4 16. Bxc4 Nf4 17. Rfe1 Nxg2 18. Kxg2 Bh3+ 19. Kxh3 Qxf3+ 20. Kh4 f6 0-1

[Event "AUT-chT2M 1112"]
[Site "Austria"]
[Date "2012.04.28"]
[Round "10.4"]
[White "Radnetter, Georg"]
[Black "Petschar, Kurt"]
[Result "1/2-1/2"]
[WhiteElo "2269"]
[BlackElo "2312"]
[PlyCount "86"]
[EventDate "2011.10.21"]
[EventType "team-tourn"]
[EventRounds "11"]
[EventCountry "AUT"]
[SourceTitle "EXT 2013"]
[Source "ChessBase"]
[SourceDate "2012.11.22"]
[SourceVersion "1"]
[SourceVersionDate "2012.11.22"]
[SourceQuality "1"]
[WhiteTeam "Fuerstenfeld"]
[BlackTeam "Die Klagenfurter"]
[WhiteTeamCountry "AUT"]
[BlackTeamCountry "AUT"]

1. Nf3 c5 2. c4 Nc6 3. d4 cxd4 4. Nxd4 Nf6 5. Nc3 e5 6. Ndb5 d6 7. Bg5 a6 8. Na3 h6 9. Bxf6 Qxf6 10. g3 Be6 11. Bg2 Qd8 12. 0-0 Be7 13. Qd2 0-0 14. Rfd1 Rc8 15. Rac1 Bg5 16. e3 Bg4 17. f3 Be6 18. h4 Be7 19. Nd5 Re8 20. Rc3 Bf8 21. b3 Ne7 22. e4 Qa5 23. b4 Qd8 24. Nc2 Nxd5 25. cxd5 Bd7 26. Rxc8 Qb6+ 27. Qe3 Qxe3+ 28. Nxe3 Rxc8 29. Kf2 Be7 30. Bf1 b5 31. Rd2 Bd8 32. Rc2 Bb6 33. Rxc8+ Bxc8 34. Ke2 g6 35. Nd1 Bd4 36. Kd3 Bg1 37. Ke2 Kg7 38. Bg2 f5 39. Bh3 Kf6 40. g4 Bd4 41. Ne3 fxg4 42. Bxg4 Bxg4 43. fxg4 Bc3 1/2-1/2